The apracharajas: (Record no. 7921)

MARC details
000 -LEADER
fixed length control field 00659 a2200181 4500
010 ## - LCCN (DPL NO)
LC control number ENG-88250
020 ## - INTERNATIONAL STANDARD BOOK NUMBER
International Standard Book Number 8173200712
Terms of availability 490.00
035 ## - SYSTEM CONTROL NUMBER
System control number EN-71783
037 ## - SOURCE OF ACQUISITION
Source of stock number/acquisition DBAD / PUB
082 14 - DEWEY DECIMAL CLASSIFICATION NUMBER
Classification number 737.4
100 1# - MAIN ENTRY--PERSONAL NAME
Personal name Srivastava, Prashant
245 1# - TITLE STATEMENT
Title The apracharajas:
Statement of responsibility, etc by Prashant Srivastava
Remainder of title a history based coins and inscriptions
260 ## - PUBLICATION, DISTRIBUTION, ETC. (IMPRINT)
Place of publication, distribution, etc Delhi
Name of publisher, distributor, etc Agam Kala Prakashan
Date of publication, distribution, etc 2007
270 ## - ADDRESS
Address 34, Central Market, Ashok Vihar,
City Delhi
State or province 110 052
Electronic mail address haranand@rediffmail.com
Telephone number 011-27212195
Fax number 91-11-27212195
300 ## - PHYSICAL DESCRIPTION
Extent viii, 139 p.
Dimensions 22cm (Hb.)
500 ## - GENERAL NOTE
General note Includes bibliograpgical references and index
942 ## - ADDED ENTRY ELEMENTS (KOHA)
Institution code [OBSOLETE] dpl
Item type English Books
Source of classification or shelving scheme Dewey Decimal Classification
Classification part 737.4
Call number suffix SRI
Holdings
Withdrawn status Lost status Not for loan Collection code Home library Current library Source of acquisition Cost, normal purchase price Full call number Barcode Copy number Cost, replacement price Koha item type
    Not For Loan Non-fiction D.B.Act.Division D.B.Act.Division DBAD/PUB 490.00 737.4 SRI EN-71783 1 490.00 English Books

© Delhi Public Library
Hit Counter
free hit counter